Humanity in the Judicial Decisions of International Court of Justice

Detalles Bibliográficos
Autor principal: Pakdaman Rezaei, Aydin
Formato: eBook
Lenguaje:inglés
Publicado: Berln̕: Lambert Academic Publishing, 2019
Materias:
Acceso en línea:Acceso restringido

MARC

LEADER 00000nam a22000007a 4500
005 20190913130222.0
007 cr|||| ||||
008 190913s2019 de |||||s|||| 00||0 eng d
020 |a 9783330347106 
035 |a 24986 
040 |a vLex 
090 |c 9511  |d 9511 
100 1 |a Pakdaman Rezaei, Aydin 
245 1 0 |a Humanity in the Judicial Decisions of International Court of Justice  |h [Recurso electrn̤ico] /  |c Aydin Pakdaman Rezaei 
256 |a Servicio en ln̕ea 
260 |a Berln̕:  |b Lambert Academic Publishing,  |c 2019 
300 |a 1 recurso electrn̤ico 
500 |a The concept of humanity, due to the consideration of all aspects of human dignity, is the most important guarantor of the common interests and values of the international community and is a concept in opposition to sovereignty by preventing them from focusing on the individual interests of the state. Due to the capacity of humanity to solving many problems of the international community, the need for the development of international law principles is fully established on the basis of this concept, and the only solution is the development of international law through non-sovereign methods. Meanwhile, the International Court of Justice is one of the independent and non-sovereign international institutions that can accomplish this matter. The International Court of Justice, which uses legal techniques in its decisions, plays a significant role in identifying and consolidating existing rules and formulating new rules. In this regard, the question arises as to how the Court's approach to the nature of humanity, how does this concept in international law be assessed 
506 1 |a Disponible solo en los productos indicados  |d vLex Global  |d vLex Global (Academic Edition, excluding Law Schools)  |d vLex Global (U.S. Academic Edition, Law Schools)  |d vLex Global (U.S. Academic Edition, excluding Law Schools)  |d vLex Global (Academic Edition, Law Schools) 
650 0 4 |a Derecho Pb︢lico y Administrativo  |z Alemania 
740 0 |a vLex Libros (Servicio en ln̕ea) 
856 4 0 |u http://vlex.com/source/24986  |z Acceso restringido 
942 |c BOOK 
999 0 |a Public and Administrative Law